Countries - Capital vs Biggest City - Statistics

General Stats
  • This quiz has been taken 36 times
    13 since last reset
  • The average score is 157 of 237
Answers on the Map
Answers color-coded by a green-red scale on the quiz's map according to % correct below.
 
Answer Stats
Answer(s) % Correct
Brasília
91%
Delhi
91%
Jakarta
91%
Melbourne
91%
Mexico City
91%
New York City
91%
Paris
91%
Schaan
91%
Toronto
91%
Washington D.C.
91%
Abu Dhabi
82%
Algiers
82%
Amman
82%
Astana
82%
Auckland
82%
Baghdad
82%
Baku
82%
Bangkok
82%
Beijing
82%
Beirut
82%
Bern
82%
Bogotá
82%
Buenos Aires
82%
Cairo
82%
Canberra
82%
Caracas
82%
Dhaka
82%
Dubai
82%
Guatemala City
82%
Hanoi
82%
Havana
82%
Ho Chi Minh City
82%
Islamabad
82%
Jerusalem
82%
Kabul
82%
Kathmandu
82%
Kuala Lumpur
82%
Kuwait City
82%
Lima
82%
Manila
82%
Nicosia
82%
Ottawa
82%
Panama City
82%
Phnom Penh
82%
Port-au-Prince
82%
Pyongyang
82%
Riyadh
82%
Rome
82%
San Salvador
82%
Santiago
82%
São Paulo
82%
Seoul
82%
Shanghai
82%
Singapore
82%
Taipei
82%
Tbilisi
82%
Tehran
82%
Tokyo
82%
Ulaanbaatar
82%
Wellington
82%
Zürich
82%
Accra
73%
Addis Ababa
73%
Amsterdam
73%
Andorra la Vella
73%
Ankara
73%
Asunción
73%
Athens
73%
Berlin
73%
Bishkek
73%
Bratislava
73%
Brussels
73%
Bucharest
73%
Budapest
73%
Cape Town
73%
Colombo
73%
Damascus
73%
Dili
73%
Casablanca
73%
Doha
73%
Dublin
73%
Helsinki
73%
Istanbul
73%
Johannesburg
73%
Karachi
73%
Kingston
73%
Kingstown
73%
Kyiv
73%
Lagos
73%
La Paz
73%
Lisbon
73%
London
73%
Luxembourg City
73%
Madrid
73%
Malé
73%
Monaco
73%
Moscow
73%
Nairobi
73%
Nassau
73%
Naypyidaw
73%
Oslo
73%
Podgorica
73%
Port Moresby
73%
Prague
73%
Pretoria
73%
Pristina
73%
Quito
73%
Rabat
73%
Reykjavík
73%
Riga
73%
San José
73%
San Marino
73%
Santo Domingo
73%
Sofia
73%
Stockholm
73%
Tallinn
73%
Tashkent
73%
Tegucigalpa
73%
Tel Aviv-Yafo
73%
Thimphu
73%
Tirana
73%
Tripoli
73%
Tunis
73%
Vatican City
73%
Vientiane
73%
Vilnius
73%
Warsaw
73%
Yerevan
73%
Zagreb
73%
Abuja
64%
Almaty
64%
Antananarivo
64%
Ashgabat
64%
Bandar Seri Begawan
64%
Bloemfontein
64%
Brazzaville
64%
Chișinău
64%
Dakar
64%
Copenhagen
64%
Djibouti City
64%
Freetown
64%
Gaborone
64%
Gaza
64%
Georgetown
64%
Kampala
64%
Khartoum
64%
Kigali
64%
Kinshasa
64%
Ljubljana
64%
Luanda
64%
Managua
64%
Manama
64%
Minsk
64%
Mogadishu
64%
Monrovia
64%
Montevideo
64%
Muscat
64%
Ouagadougou
64%
Port of Spain
64%
Sana'a
64%
Sarajevo
64%
Skopje
64%
St. George's
64%
St. John's
64%
Sucre
64%
Vaduz
64%
Valletta
64%
Vienna
64%
Windhoek
64%
Yangon
64%
Yaoundé
64%
Abidjan
55%
Aleppo
55%
Apia
55%
Asmara
55%
Bamako
55%
Bangui
55%
Banjul
55%
Basseterre
55%
Belgrade
55%
Belize City
55%
Belmopan
55%
Bridgetown
55%
Dar es Salaam
55%
Dodoma
55%
Dushanbe
55%
Guayaquil
55%
Harare
55%
Honiara
55%
Juba
55%
Lomé
55%
Lusaka
55%
Malabo
55%
Maputo
55%
Mbabane
55%
Moroni
55%
N'Djamena
55%
Niamey
55%
Nouakchott
55%
Nuku'alofa
55%
Palikir
55%
Paramaribo
55%
Port Louis
55%
Praia
55%
Roseau
55%
São Tomé
55%
Suva
55%
Victoria
55%
Yamoussoukro
55%
Yaren
55%
Bissau
45%
Castries
45%
Conakry
45%
Cotonou
45%
Funafuti
45%
Gitega
45%
Libreville
45%
Lilongwe
45%
Majuro
45%
Maseru
45%
Ngerulmud
45%
Porto-Novo
45%
Port Vila
45%
Bujumbura
36%
Laayoune
36%
Ramallah
36%
Sri Jayawardenepura Kotte
36%
Tarawa
36%
Serravalle
18%
Bata
9%
Koror
9%
Manzini
9%
Serrekunda
9%
St. Paul's Bay
9%
Weno
9%
Arijejen
0%
Lobamba
0%
No matching quizzes found
Score Distribution
Percent of People with Each Score
Percentile by Number Answered
Your Score History
You have not taken this quiz since the last reset